000 00761cab a2200241 4500
001 ABS59260
008 090401t1998 xxu||||| |||| 00| 0 eng d
035 _a(Sirsi) u88462
041 _aeng
100 _aGoldsmith, S.
245 _aDelays to disabled access
260 _c1998
350 _a0
490 _aArchitects` Journal
_v208(9) 10 September 1998, 63-65(3)
520 _aConsiders the delays in implementing the access rights provisions in the Disability Discrimination Act 1995 Part 3.
650 _aACCESS RIGHTS
650 _aBUILT ENVIRONMENT-CONSTRUCTION DESIGN
650 _aDISABILITY DISCRIMINATION ACT 1995
650 _aDISABLED PEOPLE
690 _aBUILT ENVIRONMENT-CONSTRUCTION DESIGN
942 _n0
948 _c14/09/1998
999 _c55884
_d55884